00393nam a22001337a 4500008004100000020001500041050002700056245007200083260003300155300002500188440001100213500001900224700001600243140905b xxu||||| |||| 00| 0 eng d a0406952477 aKD288.A64(2002 vol. 1) aThe All England law reports 2002 (vol. 1). /cedited by Craig, Rose aLondon:bButterworth,c2002. axvii, 1024p.:c25cm. vVol. 1 aIncludes index aRose, Craig